Coptic Gnostic chrestomathy : a selection of Coptic texts with grammatical analysis and glossary /
محفوظ في:
مؤلفون آخرون:
التنسيق: كتاب
اللغة: Coptic
منشور في:
Leuven ; Dudley, Mass. :
Peeters,
2004.
الموضوعات:
الوسوم: إضافة وسم
لا توجد وسوم, كن أول من يضع وسما على هذه التسجيلة!
رقم الطلب: PJ2033 .C58 2004
| LEADER | 00757nam a22002297a 4500 | ||
|---|---|---|---|
| 003 | OSt | ||
| 005 | 20251027115404.0 | ||
| 008 | 251027t2004 be b 000 0 cop d | ||
| 020 | |a 9042912545 (pbk.) | ||
| 040 | |c ARCE Library | ||
| 050 | 1 | 4 | |a PJ2033 |b .C58 2004 |
| 245 | 0 | 0 | |a Coptic Gnostic chrestomathy : |b a selection of Coptic texts with grammatical analysis and glossary / |c edited by Bentley Layton. |
| 264 | 1 | |a Leuven ; |a Dudley, Mass. : |b Peeters, |c 2004. | |
| 300 | |a 226 p. ; |c 23 cm. | ||
| 504 | |a Includes bibliographical references. | ||
| 546 | |a Coptic text with introduction in English. | ||
| 650 | 0 | |a Coptic language -- Grammar. | |
| 650 | 0 | |a Gnosticism. | |
| 700 | 1 | |a Layton, Bentley. | |
| 901 | |a reviewed | ||
| 942 | |2 lcc |c BK | ||
| 999 | |c 50385 |d 50385 | ||
